| 000 | 00472cam a22002051 4500 | ||
|---|---|---|---|
| 001 | sa 64002827 | ||
| 003 | DLC | ||
| 005 | 20260227112012.0 | ||
| 008 | 881028s1963 xx 000 0 beno | ||
| 010 | _asa 64002827 | ||
| 035 | _a(OCoLC)23545872 | ||
| 040 |
_aDLC _cMiU _dDLC |
||
| 042 | _apremarc | ||
| 050 | 0 | 0 |
_aPK1718.D37 _bK5 |
| 100 | 1 | _aDatta, Sunil. | |
| 245 | 1 | 0 | _aKhara nadīra srote. |
| 260 | _c[1963] | ||
| 300 |
_a117 p. _c19 cm. |
||
| 500 | _aRomanized. | ||
| 999 |
_c57528 _d57528 |
||